Geography general knowledge #1 - Statistics

General Stats
  • This quiz has been taken 74 times
  • The average score is 10 of 15
Answer Stats
Hint Answer % Correct
What is the second largest state in the United States of America by landmass? Texas
94%
What is the Capital City of Turkey? Ankara
92%
What are the main 2 languages spoken in China? Mandarin/Cantonese
92%
What is the capital of Malaysia? Kuala Lumpur
86%
Who founded the Mongol Empire in 1206? Genghis Khan
85%
What country was previously known as "Zaire"? Democratic Republic of the Congo
83%
What is the largest Inland body of water in the world? Caspian Sea
72%
What is the southernmost country in the world? Chile
72%
What country owns the Faroe Islands? Denmark
72%
The name of the southern region of South America that is made up by Chile and Argentina Patagonia
68%
What are the 2 archipelagos of Portugal? Azores/Madeira
60%
The smallest state by population in the United States of America Wyoming
51%
What is the most populated county in the United Kingdom? Greater London
25%
When did Australia become nominally independent while Great Britain continued controlling foreign policy? 1901
20%
The most widely spoken language in Pakistan Punjabi
17%
No matching quizzes found
Score Distribution
Percent of People with Each Score
Percentile by Number Answered
Your Score History
You have not taken this quiz